|
|
|
|
| LEADER |
00000cam a2200000 c 4500 |
| 001 |
024895407 |
| 003 |
DE-627 |
| 005 |
20260206193412.0 |
| 007 |
tu |
| 008 |
870518s1987 gw ||||| 00| ||ger c |
| 015 |
|
|
|a 87,A19,1300
|2 dnb
|
| 016 |
7 |
|
|a 870240145
|2 DE-101
|
| 020 |
|
|
|a 3170097210
|9 3-17-009721-0
|
| 035 |
|
|
|a (DE-627)024895407
|
| 035 |
|
|
|a (DE-603)00555909X
|
| 035 |
|
|
|a (DE-576)012578045
|
| 035 |
|
|
|a (DE-599)GBV024895407
|
| 035 |
|
|
|a (OCoLC)15621654
|
| 035 |
|
|
|a (DE-604)8006631649
|
| 040 |
|
|
|a DE-627
|b ger
|c DE-627
|e rakwb
|
| 041 |
|
|
|a ger
|
| 044 |
|
|
|c XA-DE
|
| 082 |
0 |
|
|a 940.53161
|
| 084 |
|
|
|a 63
|2 sdnb
|
| 084 |
|
|
|a NQ 5990
|2 rvk
|0 (DE-625)rvk/128678:
|
| 084 |
|
|
|a 15.43
|2 bkl
|
| 084 |
|
|
|a 15.49
|2 bkl
|
| 084 |
|
|
|a 15.38
|2 bkl
|
| 100 |
1 |
|
|a De Zayas, Alfred M.
|d 1947-
|0 (DE-588)12043489X
|0 (DE-627)080672000
|0 (DE-576)160726093
|4 aut
|
| 109 |
|
|
|a De Zayas, Alfred M. 1947-
|a DeZayas, Alfred M. 1947-
|a DeZayas, Alfred-Maurice 1947-
|a Zayas, Alfred de 1947-
|a Zayas, Alfred-Maurice de 1947-
|a Zayas, Alfred M. de 1947-
|a Zayas, Alfred Maurice de 1947-
|a Zayas, Alfred M. 1947-
|a De Zayas, Alfred-Maurice 1947-
|a De Zayas, Alfred 1947-
|
| 245 |
1 |
0 |
|a Anmerkungen zur Vertreibung der Deutschen aus dem Osten
|c Alfred-Maurice de Zayas
|
| 250 |
|
|
|a 2., überarb. und erw. Aufl
|
| 264 |
|
1 |
|a Stuttgart [u.a.]
|b Kohlhammer
|c 1987
|
| 300 |
|
|
|a 228 S.
|b Ill., Kt.
|c 19 cm
|
| 336 |
|
|
|a Text
|b txt
|2 rdacontent
|
| 337 |
|
|
|a ohne Hilfsmittel zu benutzen
|b n
|2 rdamedia
|
| 338 |
|
|
|a Band
|b nc
|2 rdacarrier
|
| 361 |
1 |
|
|5 DE-35
|y 4451666198
|s 51016/2
|o Vorbesitz
|a Wehrbereichsbibliothek (Hannover)
|0 (DE-588)2032223-9
|0 (DE-627)102430195
|0 (DE-576)191836702
|
| 500 |
|
|
|a Literaturverz. S. 221 - 223
|
| 583 |
1 |
|
|a Massenentsäuert
|c 2017
|k DE-18
|2 pdager
|5 DE-H16
|
| 583 |
1 |
|
|a Archivierung/Langzeitarchivierung gewährleistet
|f PEBW
|x XA-DE-BW
|2 pdager
|5 DE-24
|
| 583 |
1 |
|
|a Archivierung/Langzeitarchivierung gewährleistet
|f SLG
|x XA-DE-BW
|z BfZ
|2 pdager
|5 DE-24
|
| 648 |
|
7 |
|a Geschichte 1944-1950
|2 gnd
|
| 650 |
0 |
7 |
|0 (DE-588)4070334-4
|0 (DE-627)104798858
|0 (DE-576)20918020X
|a Deutsche
|2 gnd
|
| 650 |
0 |
7 |
|0 (DE-588)4063299-4
|0 (DE-627)106128531
|0 (DE-576)20914808X
|a Vertreibung
|2 gnd
|
| 650 |
0 |
7 |
|0 (DE-588)4124385-7
|0 (DE-627)10574820X
|0 (DE-576)209567619
|a Verbrechen gegen die Menschlichkeit
|2 gnd
|
| 655 |
|
7 |
|a Quelle
|0 (DE-588)4135952-5
|0 (DE-627)105661236
|0 (DE-576)209665084
|2 gnd-content
|
| 689 |
0 |
0 |
|d s
|0 (DE-588)4070334-4
|0 (DE-627)104798858
|0 (DE-576)20918020X
|a Deutsche
|2 gnd
|
| 689 |
0 |
1 |
|d s
|0 (DE-588)4063299-4
|0 (DE-627)106128531
|0 (DE-576)20914808X
|a Vertreibung
|2 gnd
|
| 689 |
0 |
2 |
|d s
|0 (DE-588)4124385-7
|0 (DE-627)10574820X
|0 (DE-576)209567619
|a Verbrechen gegen die Menschlichkeit
|2 gnd
|
| 689 |
0 |
3 |
|a z
|2 gnd
|a Geschichte 1944-1950
|
| 689 |
0 |
|
|5 DE-101
|
| 689 |
1 |
0 |
|d s
|0 (DE-588)4070334-4
|0 (DE-627)104798858
|0 (DE-576)20918020X
|a Deutsche
|2 gnd
|
| 689 |
1 |
1 |
|d s
|0 (DE-588)4063299-4
|0 (DE-627)106128531
|0 (DE-576)20914808X
|a Vertreibung
|2 gnd
|
| 689 |
1 |
2 |
|d s
|0 (DE-588)4124385-7
|0 (DE-627)10574820X
|0 (DE-576)209567619
|a Verbrechen gegen die Menschlichkeit
|2 gnd
|
| 689 |
1 |
3 |
|a z
|2 gnd
|a Geschichte 1944-1950
|
| 689 |
1 |
|
|5 (DE-627)
|
| 856 |
4 |
2 |
|u http://d-nb.info/870240145/04
|m B:DE-101
|q application/pdf
|v 20130501
|x Verlag
|3 Inhaltsverzeichnis
|7 1
|
| 856 |
4 |
2 |
|u http://scans.hebis.de/HEBCGI/show.pl?00555909_toc.pdf
|m V:DE-603;B:DE-Mb50
|q application/pdf
|3 Inhaltsverzeichnis
|7 1
|
| 935 |
|
|
|i Blocktest
|
| 936 |
r |
v |
|a NQ 5990
|b Ostvertreibung
|k Geschichte
|k Geschichte seit 1918
|k Deutsche Geschichte seit 1945
|k Der Zusammenbruch und seine Folgen
|k Ostvertreibung
|0 (DE-627)1270915428
|0 (DE-625)rvk/128678:
|0 (DE-576)200915428
|
| 936 |
b |
k |
|a 15.43
|j Deutsche Geschichte des 19. Jahrhunderts bis zur Gegenwart
|0 (DE-627)181569701
|
| 936 |
b |
k |
|a 15.49
|j Ostmitteleuropa
|x Deutsche Geschichte
|0 (DE-627)181569817
|
| 936 |
b |
k |
|a 15.38
|j Europäische Geschichte nach 1945
|q coli-conc RVK->BK
|q https://coli-conc.gbv.de/api/mappings/ca5e71c2-ea45-4983-9498-0aae53095f57
|0 (DE-627)181569671
|
| 936 |
s |
n |
|a n100
|2 mzub
|
| 936 |
s |
n |
|a m200
|2 mzub
|
| 951 |
|
|
|a BO
|
| ELC |
|
|
|b 1
|
| LOK |
|
|
|0 000 xxxxxcx a22 zn 4500
|
| LOK |
|
|
|0 001 3254937252
|
| LOK |
|
|
|0 003 DE-627
|
| LOK |
|
|
|0 004 024895407
|
| LOK |
|
|
|0 005 20140326105803
|
| LOK |
|
|
|0 008 140326||||||||||||||||ger|||||||
|
| LOK |
|
|
|0 040
|a DE-21-110
|c DE-627
|d DE-21-110
|
| LOK |
|
|
|0 689
|a s
|a Vertreibung
|
| LOK |
|
|
|0 852
|z Kein Bestand am IfK; Nachweis für KrimDok
|
| LOK |
|
|
|0 852
|a DE-21-110
|
| LOK |
|
|
|0 852 1
|m v
|9 00
|
| LOK |
|
|
|0 935
|a k110
|
| LOK |
|
|
|0 938
|k v
|
| LOK |
|
|
|0 939
|a 26-03-14
|b l01
|
| ORI |
|
|
|a SA-MARC-krimdoka001.raw
|
| TIM |
|
|
|a 100019440101_100019501231
|b Geschichte 1944-1950
|